000 00376pab a2200169 454500
008 180718b2009 xxu||||| |||| 00| 0 eng d
100 _aChakraborty, Shuvojit
245 _aSecuring rural credit
260 _c2009
300 _ap.21-23.
362 _aNov
650 _aCredit
650 _aAgricultural credit
773 _aKurukshetra
908 _aN
909 _a84406
999 _c84406
_d84406